00670nmc a2200229 a 4500003000900000005001700009008004100026040001300067100002500080245002200105260003300127300001600160490005300176500005000229650002500279650002900304650002000333650001200353653002600365655001500391700003400406AR-BaBNM20251128202900.0057019s1974 ||||||||||||||000 | spa|| cAR-BaBNM1 aBioy Casares, Adolfo10aPlan de evasión aBuenos AiresbKapeluszc1974 a176 p.bil. 0aGrandes obras de la literatura universalvv. 104 aContiene referencias bibliográficas en p. 9 4aLITERATURA ARGENTINA 4aLITERATURA CONTEMPORANEA 4aCIENCIA FICCION 4aNOVELAS aLITERATURA FANTASTICA aLITERATURA1 aManguel, Albertoeprologuista